Den v životě neolitické ženy : vzdělávací komiks /

Hlavní autor: Mikešová Puhačová, Veronika
Další autoři: Puhač, Michal, 1984-
Jazyk: Čeština
Vydáno: Praha : Ústav archeologické památkové péče středních Čech, p.o., 2017
Témata:
Fyzický popis: 36 stran : ilustrace (převážně barevné) ; 21 x 30 cm
Knihy
Uloženo v:
LEADER 02124nam a2200565 i 4500
001 nkc20172884904
003 CZ PrNK
005 20260305152521.0
007 ta
008 170505s2017 xr a g 6 000 m cze
015 |a cnb002884904 
020 |a 978-80-86756-19-6  |q (brožováno) 
035 |a (OCoLC)989932280 
040 |a ABA001  |b cze  |e rda 
043 |a e-xr---  |b e-xr-st  |2 czenas 
072 7 |a 903  |x Pravěk  |2 Konspekt  |9 8 
080 |a 903"634"  |2 MRF 
080 |a 903'13  |2 MRF 
080 |a 94(437.312)  |2 MRF 
080 |a (03/09)741.52  |2 MRF 
080 |a (0.062)  |2 MRF 
100 1 |a Mikešová Puhačová, Veronika  |7 jo2017952492  |4 aut 
245 1 0 |a Den v životě neolitické ženy :  |b vzdělávací komiks /  |c Veronika Mikešová, Michal Puhač 
264 1 |a Praha :  |b Ústav archeologické památkové péče středních Čech, p.o.,  |c 2017 
300 |a 36 stran :  |b ilustrace (převážně barevné) ;  |c 21 x 30 cm 
336 |a text  |b txt  |2 rdacontent 
336 |a statický obraz  |b sti  |2 rdacontent 
337 |a bez média  |b n  |2 rdamedia 
338 |a svazek  |b nc  |2 rdacarrier 
500 |a Název z obálky 
500 |a Námět, scénář a text Veronika Mikešová ; ilustrace Michal Puhač 
500 |a V roce 2017 první dotisk 3000 výtisků 
500 |a 3000 výtisků 
504 |a Obsahuje bibliografii 
650 0 7 |a neolit  |7 ph137449  |z Česko  |2 czenas 
650 0 7 |a kultura s lineární keramikou  |7 ph118895  |z Česko  |2 czenas 
650 0 9 |a neolithic period  |z Czechia  |2 eczenas 
650 0 9 |a bandkeramik culture  |z Czechia  |2 eczenas 
651 7 |a Velim (Česko)  |7 ge131250  |x dějiny  |2 czenas 
651 9 |a Velim (Czechia)  |x history  |2 eczenas 
655 7 |a naučné komiksy  |7 fd1058479  |2 czenas 
655 7 |a populárně-naučné publikace  |7 fd131864  |2 czenas 
655 9 |a nonfiction comics  |2 eczenas 
655 9 |a popular works  |2 eczenas 
700 1 |a Puhač, Michal,  |d 1984-  |7 mzk2014827560  |4 ill 
910 2 |a BOA001  |b 4-1446.585 
990 |a BK 
995 |a 01 
991 |b 202005  |c NOV 
996 6 |b 2610822853  |c 4-1446.585  |l MZK  |r Sklad / do 1 hodiny  |n 2  |p p.v.  |w 001800043  |u 000010  |a 1  |e BOA001  |j MZK50  |s P